000
00206 a2200097 4500
001
6419
100
_a
Zhdanov, G
245
_a
space Laboratories,
260
_a
_b
Foreign Languages
_c
090
_c
5280
_d
5280
942
_a
NUST-CAE
_c
M
_c
31690
999
_c
241492
_d
241492